Psicopatologia dels estats passionals / E. Mira
Descripción Física:
66 p. ; 24 cm
MARC
| LEADER | 00000nam a2200000Ia 4500 | ||
|---|---|---|---|
| 001 | 9015 | ||
| 008 | 160829s1938 xx 000 0 cat d | ||
| 080 | |a C-1-195 | ||
| 100 | |a Mira y López, Emilio, |d 1896-1964 |9 30932 | ||
| 245 | |a Psicopatologia dels estats passionals / E. Mira | ||
| 260 | |a Barcelona : |b [s.n.], |c 1938 | ||
| 300 | |a 66 p. ; |c 24 cm | ||
| 650 | |a Emocions |9 30933 | ||
| 650 | |a Psicopatologia |9 30934 | ||
| 901 | |a Arxiu | ||
| 942 | |n 1 | ||
| 952 | |0 0 |1 0 |4 0 |6 C1195 |7 1 |9 45576 |a Arxiu |b Arxiu |d 2016-12-01 |l 0 |o C-1-195 |p 9015 |r 2016-12-01 00:00:00 |w 2016-12-01 |y ARXIU | ||
| 999 | |c 48744 |d 48744 | ||